Normal view
MARC view
Entry Personal Name
001 - CONTROL NUMBER
- control field: 85935
003 - CONTROL NUMBER IDENTIFIER
- control field: dpl
005 - DATE AND TIME OF LATEST TRANSACTION
- control field: 20251208165916.0
008 - FIXED-LENGTH DATA ELEMENTS
- fixed length control field: 251208|| aca||aabn | a|a d
040 ## - CATALOGING SOURCE
- Original cataloging agency: dpl
- Transcribing agency: dpl
100 ## - HEADING--PERSONAL NAME
- Personal name: समीप, हरेराम
670 ## - SOURCE DATA FOUND
- Source citation: Work cat.: (dpl)210074: समीप, हरेराम, मध्यकाल के महाकवि समकालीन सन्दर्भ/ , 2024
